banner koha

Cultivation of Bacillus thuringiensis subsp. Kurstaki S93 in a fed-Batch process: effect of the ratio glucose to yeast extract concentrations in the feeding culture media (Registro n. 243027)

MARC details
000 -LÍDER
campo de controle de tamanho fixo 01116nas a2200325 4500
001 - NÚMERO DE CONTROLE
campo de controle BR2015001874
003 - IDENTIFICADOR DO NÚMERO DE CONTROLE
campo de controle BR-BrBNA
005 - DATA E HORÁRIO DA ÚLTIMA TRANSAÇÃO
campo de controle 20231205125154.0
007 - CAMPO FIXO DE DESCRIÇÃO FÍSICA--INFORMAÇÃO GERAL
campo de controle de tamanho fixo ta
008 - CAMPO DE DADOS FIXOS--INFORMAÇÃO GERAL
campo de controle de tamanho fixo 230509b bl.|||p| |||| 00| 00por d
040 ## - FONTE DA CATALOGAÇÃO
Instituição da catalogação original BR-BrBNA
Idioma da catalogação por
Instituição que transcreveu o registro Biblioteca Nacional de Agricultura
041 ## - CÓDIGO DE IDIOMA
Código do idioma do texto/trilha sonora ou título diferente (En)
072 ## - CÓDIGO DE CATEGORIA DE ASSUNTO
Código de Categoria de Assunto H10; Q04
100 1# - ENTRADA PRINCIPAL--NOME PESSOAL
Nome pessoal Pradella, J.G. da C.
100 1# - ENTRADA PRINCIPAL--NOME PESSOAL
Nome pessoal Taciro, M.K.<br/>
100 1# - ENTRADA PRINCIPAL--NOME PESSOAL
Nome pessoal Barral, M.F.
100 1# - ENTRADA PRINCIPAL--NOME PESSOAL
Nome pessoal Urenha, L.C.
100 1# - ENTRADA PRINCIPAL--NOME PESSOAL
Nome pessoal Sanchez, C.R.
100 1# - ENTRADA PRINCIPAL--NOME PESSOAL
Nome pessoal Silva, S.R. da
100 1# - ENTRADA PRINCIPAL--NOME PESSOAL
Nome pessoal Souza, G.M. de A.
245 1# - TÍTULO
Título Cultivation of Bacillus thuringiensis subsp. Kurstaki S93 in a fed-Batch process: effect of the ratio glucose to yeast extract concentrations in the feeding culture media
500 ## - NOTA GERAL
Nota geral XII Sinaferm (Uberlândia, August 1998)- Selected papers
650 ## - ASSUNTO--TERMO TÓPICO
Cabeçalho tópico ou nome geográfico PRAGA DE PLANTA
650 ## - ASSUNTO--TERMO TÓPICO
Cabeçalho tópico ou nome geográfico INSETICIDA
650 ## - ASSUNTO--TERMO TÓPICO
Cabeçalho tópico ou nome geográfico CONTROLE BIOLOGICO
650 ## - ASSUNTO--TERMO TÓPICO
Cabeçalho tópico ou nome geográfico MEIO DE CULTURA
773 0# - ENTRADA ANALÍTICA
Título Brazilian Journal of Microbiology (Brazil)
ISSN - International Standard Serial Number ISSN 1517-8382
Partes relacionadas (Oct 2000), v. 31(1)supl. p. 67-72
Número de controle do registro BR2015001874
909 ## -
-- 202311
-- Lúcia
-- 55
-- Lúcia Elande
942 ## - ELEMENTOS DE ENTRADA ADICIONADOS (KOHA)
Fonte da classificação ou esquema de arquivamento na estante Classificação AGRIS
Ocultar no OPAC Não
Tipo de material Koha Analítica
Exemplares
Situação do descarte Fonte da classificação ou esquema de arquivamento na estante Situação física Não pode ser emprestado Biblioteca de origem Biblioteca atual Localização na estante Enumeração do periódico / cronologia Total de empréstimos Data de último acesso Número do exemplar Tipo de material Koha Fonte de aquisição
  Classificação AGRIS   Consulta local Biblioteca Nacional de Agricultura - Binagri Biblioteca Nacional de Agricultura - Binagri   (Oct 2000), v. 31(1)supl. p. 67-72   29/11/2023 01 Periódicos Portaria Interministerial nº 164/94

BINAGRI

Telefone: (61)3218-2567/2388/3357/2097 - binagri@agro.gov.br

Ministério da Agricultura e Pecuária , Esplanada dos Ministérios, Bloco D, Anexo B, Brasília/DF, CEP: 70.043-900